[Event "SWE-chT 0304"]
[Site "Sweden"]
[Date "2004.??.??"]
[Round "7"]
[White "Riis, Jens"]
[Black "Schutz, Ingemar"]
[Result "1-0"]
[WhiteElo "2222"]
[BlackElo "2273"]
[PlyCount "63"]
[EventDate "2003.10.??"]
[EventType "team"]
[EventRounds "11"]
[EventCountry "SWE"]
[SourceTitle "EXT 2005"]
[Source "ChessBase"]
[SourceDate "2004.11.15"]
[SourceVersion "1"]
[SourceVersionDate "2004.11.15"]
[SourceQuality "1"]
[WhiteTeam "Lund"]
[BlackTeam "Norrkoping Schack 08"]
[WhiteTeamCountry "SWE"]
[BlackTeamCountry "SWE"]

1. d4 Nf6 2. Nf3 g6 3. Bf4 Bg7 4. e3 0-0 5. h3 c5 6. Nbd2 d6 7. c3 Nc6 8. Be2 cxd4 9. exd4 Bf5 10. 0-0 Nd5 11. Bh2 e5 12. Nc4 Re8 13. dxe5 dxe5 14. Qb3 Qe7 15. Ncxe5 Nxc3 16. Bc4 Nxe5 17. Nxe5 Be6 18. Rfe1 Bxc4 19. Qxc4 Rac8 20. Qb3 Qc7 21. Qxc3 Qd6 22. Qd3 Qc5 23. Nf3 Bxb2 24. Rxe8+ Rxe8 25. Rd1 b5 26. Bf4 b4 27. Be3 Qa5 28. Qd7 Re6 29. Ng5 Rf6 30. Qe8+ Kg7 31. Rd8 Rxf2 32. Qh8+ 1-0

[Event "SWE-chT 0102"]
[Site "Sweden"]
[Date "2001.12.08"]
[Round "5"]
[White "Lauridsen, Jesper Morch"]
[Black "Schutz, Ingemar"]
[Result "1-0"]
[WhiteElo "2322"]
[BlackElo "2278"]
[PlyCount "67"]
[EventDate "2001.10.12"]
[EventType "team"]
[EventRounds "11"]
[EventCountry "SWE"]
[SourceTitle "EXT 2003"]
[Source "ChessBase"]
[SourceDate "2002.11.25"]
[SourceVersion "1"]
[SourceVersionDate "2002.11.25"]
[SourceQuality "1"]
[WhiteTeam "Limhamn"]
[BlackTeam "Norrkoping Schack 08"]
[WhiteTeamCountry "SWE"]
[BlackTeamCountry "SWE"]

1. e4 c5 2. Nf3 d6 3. d4 cxd4 4. Nxd4 Nf6 5. Nc3 Nc6 6. Bg5 e6 7. Qd2 a6 8. 0-0-0 Bd7 9. f4 b5 10. Nxc6 Bxc6 11. Qe1 Qe7 12. e5 dxe5 13. fxe5 Qc5 14. b4 Qxb4 15. exf6 gxf6 16. Bd2 0-0-0 17. Nb1 Qa4 18. Kb2 Qd4+ 19. c3 Qa4 20. Rc1 Bd6 21. Qd1 Qa5 22. Qc2 Be5 23. a3 f5 24. Bd3 Rd7 25. Rhe1 Bf6 26. Ka2 Rc7 27. c4 Qb6 28. Bf4 Qd4 29. Bxc7 Qa1+ 30. Kb3 bxc4+ 31. Bxc4 Kxc7 32. Bb5 axb5 33. Qxc6+ Kb8 34. Nc3 1-0